000
00311nam a22001337a 4500
082
_a
030
_b
GOV/M
100
_a
GOVIND NIKHILA
245
_a
MALAYALM ENGLISH DICTIONARY
250
_a
FOURTH EDITION
260
_a
KOTTAYAM
_b
AVANTY PUBLICATIONS
_c
1998
300
_a
150
650
_a
DICTIONARY
_z
INDIA
942
_c
BK
999
_c
2095
_d
2095